000 00227 a2200097 4500
001 23586
100 _aStevenson, R
245 _aTheory of physics ; an introductory course
260 _a
_bSanders
_c1967
090 _c15971
_d15971
942 _aNUST-CAE
_cM
_c6637
999 _c258659
_d258659